000 00335nam a2200133Ia 4500
005 20260328104319.0
008 260328s9999||||xx |||||||||||||| ||und||
100 _aSánchez, Marcos Jaén
245 0 _aZeus :
_b Conquista el olimpo /
_cMarcos Jaén Sánchez
260 _bGREDOS
300 _a105 p.
650 _aGRECIA
942 _cBK
999 _c11291
_d11291